Statistics for Most Populated Countries in Europe A-Z

Click here to take the quiz!

General Stats

  • This quiz has been taken 114 times
  • The average score is 18 of 19

Answer Stats

HintAnswer% Correct
FFrance
100%
AAustria
98%
DDenmark
98%
GGermany
98%
UUnited Kingdom
98%
SSpain
97%
HHungary
96%
IItaly
96%
PPoland
96%
RRussia
96%
EEstonia
95%
NNetherlands
95%
BBelgium
94%
VVatican City
94%
LLithuania
93%
KKosovo
92%
CCzech Republic
91%
MMoldova
89%
TTurkey
84%

Score Distribution

Percentile by Number Answered

Percent of People with Each Score

Your Score History

You have not taken this quiz